Music Quiz

Random Music or Song Quiz

2009 Songs by Antonym Quiz Stats

Quiz not verified by Sporcle

Challenge
Share
Tweet
Embed
Score 0/10 Timer 06:00
0 Plays Today
Antonym Song % Correct
Cold N HotHot N Cold
96.2%
UpDown
96%
I Lost YouYou Found Me
86.3%
Misuse NobodyUse Somebody
79.8%
Taken Men (Take Off a Necklace)Single Ladies (Put a Ring on It)
71.9%
Your Death Wouldn't Rock With MeMy Life Would Suck Without You
66.2%
Hate PoemLove Story
62.6%
If Tomorrow Wasn't My First NightIf Today Was Your Last Day
55%
Do Everything But SingJust Dance
30.1%
WaterBirdsFireflies
26.8%

You're not logged in!

Compare scores with friends on all Sporcle quizzes.
Join for Free
OR
Log In

You Might Also Like...

Show Comments

Extras

Created Feb 13, 2010ReportNominate
Tags:Song Quiz, 2009, antonym

Top Quizzes Today


Score Distribution

Your Account Isn't Verified!

In order to create a playlist on Sporcle, you need to verify the email address you used during registration. Go to your Sporcle Settings to finish the process.

Report this User

Report this user for behavior that violates our Community Guidelines.

Details: